Harry Potter - O - Statistiques

Statistiques générales
  • Ce quiz a été pris 94 fois
  • Le résultat moyen est 5 sur 10
Statistiques - réponses
Description Réponse % Correct
Nom du cinquième livre : " Harry Potter et l'..." Ordre du Phénix
98%
Capitaine de l'équipe de quiditch de Gryffondor durant les 3 premières années de Harry Olivier Dubois
92%
Directrice de Beauxbâtons Olympe Maxime
80%
Objet qu'il fallait récupérer pendant la première tâche du tournoi des trois sorciers Œuf de Dragon
55%
Lieu où a grandi Voldemort Orphelinat Wool
47%
Fait de bloquer son esprit contre les tentatives de pénétration extérieur Occlumancie
42%
Acteur de Georges Weasley Oliver Phelps
41%
Meilleure appréciation possible pour un examen magique Optimale
39%
Bois avec lequel est fait la baguette de Lucius Malefoy Orme
29%
Sort permettant de bloquer la vue à une personne Obscuro
12%
Aucun quiz correspondant
Distribution des résultats
% des personnes avec chaque résultat
Percentile par nombre de réponses
Votre historique - résultats
Vous n’avez pas pris ce quiz